Aprendemos a Crecer: 4º Básico, cuadernillo para estudiantes. Programa de prevención del consumo de drogas y alcohol para Educación Básica.
Сохранить в:
| Соавтор: | |
|---|---|
| Формат: | |
| Язык: | испанский |
| Опубликовано: |
Santiago, Chile:
SENDA,
2016.
|
| Предметы: | |
| Метки: |
Добавить метку
Нет меток, Требуется 1-ая метка записи!
|
MARC
| LEADER | 00000cam a2200000 a 4500 | ||
|---|---|---|---|
| 001 | UCC0623 | ||
| 003 | CL-VaPUC | ||
| 005 | 20220525092517.0 | ||
| 008 | 170825e20160000cl |||||||||||||||||spa|d | ||
| 999 | |c 369397 |d 369395 | ||
| 020 | |a 978-956-9141-33-1 | ||
| 040 | |c Pontificia Universidad Católica de Valparaíso | ||
| 082 | 0 | 4 | |a 371.784 SEN 2016 |2 21 |
| 110 | 2 | |a Servicio Nacional para la Prevención y Rehabilitación del Consumo de Drogas y Alcohol (SENDA) |9 594601 | |
| 245 | 1 | 0 | |a Aprendemos a Crecer: 4º Básico, cuadernillo para estudiantes. Programa de prevención del consumo de drogas y alcohol para Educación Básica. |
| 260 | 0 | 3 | |a Santiago, Chile: |b SENDA, |c 2016. |
| 300 | |a 18 páginas | ||
| 500 | |a c.2 Comodato - SENDA | ||
| 583 | |a last modification |c 20170825 13:52:00 |k Rodrigo Vera | ||
| 650 | |a Consumo de drogas |x Prevención |x Rol del docente |9 869807 | ||
| 650 | |a Abuso de drogas |x Prevención |9 869806 | ||
| 942 | |c BK |2 ddc | ||
| 945 | |d 20170825 13:52:00 |a dcastane | ||
| 952 | |0 0 |1 0 |2 ddc |3 erb |4 0 |6 371_784000000000000_SEN_2016 |7 0 |8 A |9 485163 |a BIBEDU |b BIBEDU |i 5418445 |o 371.784 SEN 2016 |p 5418445 |r 2019-11-24 |t 1 |w 2019-11-24 |y BK |z Catalogado en:20170825 |k EDU | ||
| 952 | |0 0 |1 0 |2 ddc |4 0 |6 371_784000000000000_SEN_2016 |7 0 |8 C_SENDA |9 583264 |a BIBEDU |b BIBEDU |c ES_NOD |d 2022-05-25 |e Comodato-SENDA |i 5651378 |o 371.784 SEN 2016 |p 5651378 |r 2023-08-09 |t 1 |w 2022-05-25 |x 07339005101 |y BK |k BME | ||